00335nam a22001097a 4500082001900000100001300019245006800032260005200100300002800152526003700180650000800217 a624.18341bRAO aRao, K.L aCalculation design and testing of reinforced concretecRao, K.L aTulsi Sadan, IndiabCharotar Book Stallcc1963. avii, p 574.bill.c16cm a0b0c0d624_183410000000000_RAO aMCE